[Event "Windsor NAYCC U16"]
[Site "Windsor"]
[Date "2016.08.09"]
[Round "5.31"]
[White "Yen, Michael J"]
[Black "Song, Ziyuan"]
[Result "1/2-1/2"]
[WhiteElo "1969"]
[BlackElo "2147"]
[PlyCount "61"]
[EventDate "2016.08.07"]
[EventType "swiss"]
[EventRounds "9"]
[EventCountry "CAN"]
[SourceTitle "EXT 2022"]
[Source "ChessBase"]
[SourceDate "2021.10.06"]
[SourceVersion "1"]
[SourceVersionDate "2021.10.06"]
[SourceQuality "1"]

1. d4 Nf6 2. c4 e6 3. Nf3 b6 4. g3 Ba6 5. Qc2 Bb7 6. Bg2 c5 7. 0-0 cxd4 8. Nxd4 Bxg2 9. Kxg2 Nc6 10. Nxc6 dxc6 11. Rd1 Qc7 12. Bf4 e5 13. Bg5 Nd7 14. Nc3 h6 15. Be3 Bc5 16. Ne4 Be7 17. Rd2 0-0 18. Rad1 Rad8 19. c5 f5 20. Nd6 Bxd6 21. Rxd6 Nxc5 22. Bxc5 bxc5 23. Qxc5 Rxd6 24. Rxd6 Rf6 25. Rxf6 gxf6 26. Qc4+ Kg7 27. Qe6 Qb7 28. Qxf5 Qxb2 29. Qg4+ Kh7 30. Qd7+ Kg6 31. Qg4+ 1/2-1/2